Harry Potter characters - Statistics

General Stats
  • This quiz has been taken 19 times
  • The average score is 9 of 16
Answer Stats
Picture Answer % Correct
Amos Diggory
88%
Bathilda Bagshot
88%
Aunt Marge
82%
Bill Weasley
82%
Arabella Figg
65%
Cormac McLaggen
65%
Lee Jordan
65%
Amelia Bones
59%
Blaise Zabini
59%
Mafalda Hopkirk
53%
Rufus Scrimgeour
53%
Elphias Doge
47%
Pius Thicknesse
47%
Frank Bryce
41%
Madam Rosmerta
35%
Scabior the Snatcher
18%
No matching quizzes found
Score Distribution
Percent of People with Each Score
Percentile by Number Answered
Your Score History
You have not taken this quiz